000 00461nam a2200169Ia 4500
003 GCL
008 140319s9999 xx 000 0 eng d
040 _aGCL /
_cGCL
082 0 4 _a658.514
_bT A
100 1 _aTOWILL, D. R
245 1 0 _aA SYSTEM APPROACHES TO AMI DEPLOYED /
_cTOWILL, D. R
700 1 _aCHERRINGTON, J. E
260 _a[S.N] :
_bSPRINGER - VERLAG ،
_c1993
300 _a224 P
650 0 4 _aCOMPUTER INTEGRATED MANUFACTURE
942 _2ddc
_cBK
999 _c24038
_d24038